000 00558cam a2200145 4500500
005 20260208005833.0
041 _afre
042 _adc
100 1 0 _aLumbroso, Olivier
_eauthor
245 0 0 _aCLAUDE PICHOIS et JEAN-PAUL AVICE, Les Dessins de Baudelaire. Éditions Textuel, 2003.
260 _c2005.
500 _a89
786 0 _nRevue d'histoire littéraire de la France | 105 | 4 | 2005-10-01 | p. 1031m-1076m | 0035-2411
856 4 1 _uhttps://shs.cairn.info/revue-d-histoire-litteraire-de-la-france-2005-4-page-1031m?lang=fr&redirect-ssocas=7080
999 _c1654049
_d1654049